Statistics for Artists That Have Worked with Method Man

Click here to take the quiz!

General Stats

  • This quiz has been taken 2 times
  • The average score is 26 of 49

Answer Stats

Artist% Correct
Busta Rhymes
100%
Cappadonna
100%
Conway the Machine
100%
DMX
100%
Ghostface Killah
100%
GZA
100%
Inspectah Deck
100%
JID
100%
Joey Badass
100%
LL Cool J
100%
Logic
100%
Mary J. Blige
100%
Masta Killa
100%
Nas
100%
Raekwon
100%
Redman
100%
RZA
100%
Slick Rick
100%
Snoop Dogg
100%
The Notorious B.I.G.
100%
Tupac Shakur
100%
B-Real
50%
Coolio
50%
Havoc
50%
Iyla
50%
Jadakiss
50%
Limp Bizkit
50%
Ms. Lauryn Hill
50%
Ol' Dirty Bastard
50%
Proof
50%
RJ Payne
50%
Blue Meth
0%
Dave East
0%
Erick Sermon
0%
Gang Starr
0%
Iron Mic
0%
Jayo Felony
0%
Joe Young
0%
Jonell
0%
Jones Ink
0%
Kitty Gata
0%
Max B
0%
Noreaga
0%
Papoose
0%
Prof
0%
Saukrates
0%
Shaquille O'Neal
0%
The Beatnuts
0%
The Knocks
0%

Score Distribution

Percentile by Number Answered

Percent of People with Each Score

Your Score History

You have not taken this quiz